| 000 | 00835nam a2200241Ia 4500 | ||
|---|---|---|---|
| 003 | OSt | ||
| 005 | 20220923224531.0 | ||
| 006 | a|||||r|||| 00| 0 | ||
| 007 | ta | ||
| 008 | 220922b |||||||| |||| 00| 0 hin d | ||
| 024 | _a240,009 | ||
| 037 | _cTextual | ||
| 040 |
_aARTS _cARTS _bhin |
||
| 041 |
_2hin _ahin |
||
| 082 | _aR49, 152P5 | ||
| 100 | _aदयालानन्द, सद्गुरू | ||
| 245 | 0 | _aकाश आ जाए मुझको प्रार्थना करनी | |
| 246 | _aKāsh ā jāe muzako prārthanā karanī | ||
| 260 |
_aदीनानगर _b श्री अद्वैत स्वरूप आश्रम _c2005 |
||
| 300 |
_a656पृ. _ccm. |
||
| 942 |
_hR49, 152P5 _cTEXL _2CC |
||
| 999 |
_c372026 _d372026 |
||